MARC

LEADER 00000nam0a2200000 4500
001 300475
005 20231102001315.0
020 |a RU  |b 83-12588 
035 |a (RuTPU)RU\TPU\book\325628 
090 |a 300475 
100 |a 20150710d1982 k y0rusy5003 ca 
101 0 |a rus 
102 |a RU 
105 |a a z 100zy 
200 1 |a Тезисы докладов VII Всесоюзной конференции по химии фосфорорганических соединений, 27-29 октября 1982 г.  |f Всесоюзное химическое общество им. Д. И. Менделеева (ВХО) ; Ленинградский технологический институт им. Ленсовета (ЛТИ) 
210 |a Ленинград  |c [Б. и.]  |d 1982 
215 |a 255 с.  |c ил. 
606 1 |a Фосфорорганические соединения  |x Химия  |2 stltpush  |3 (RuTPU)RU\TPU\subj\64192  |9 81105 
610 1 |a химические соединения 
610 1 |a органические соединения 
610 1 |a химия 
610 1 |a фосфор 
610 1 |a фосфорилирование 
610 1 |a фосфор-азотистые соединения 
610 1 |a фосфоресценция 
610 1 |a конференции 
610 1 |a Ленинград 
675 |a 547.1'118(063)  |z rus  |v 4 
712 0 2 |a Всесоюзное химическое общество им. Д. И. Менделеева (ВХО)  |c (Москва)  |c (1932-1991)  |2 stltpush  |3 (RuTPU)RU\TPU\col\12594 
712 0 2 |a Ленинградский технологический институт им. Ленсовета (ЛТИ)  |2 stltpush  |3 (RuTPU)RU\TPU\col\1462 
712 1 2 |a Химия фосфорорганических соединений  |c конференция  |d 7  |e Ленинград  |f 1982 
801 0 |a RU  |b RuMRKP  |c 19950704  |g psbo 
801 1 |a RU  |b 63413507  |c 20150710 
801 2 |a RU  |b 63413507  |c 20170807  |g RCR 
942 |c BK